Problematika devízového kurzu v menovej teórii a politike

Devízový kurz a platobná bilancia (bežný účet, kapitálový účet). Vonkajšia rovnováha a pohyb devízových kurzov. Pevné a pružné devízové kurzy pri vyrovnávaní platobnej bilancie. Systém devízových kurzov a ich význam pre menovú politiku. Politika pevných menových kurzov. Fixné menové kurzy s obmedzen...

Ausführliche Beschreibung

Gespeichert in:
Bibliographische Detailangaben
1. Verfasser: Hlavatá, Irena
Format: Buchkapitel
Sprache:Slowakisch
Schlagworte:
Tags: Tag hinzufügen
Keine Tags, Fügen Sie das erste Tag hinzu!

MARC

LEADER 00000naa a2200000 4500
001 r021220
005 20221205114704.9
041 0 |a slo 
044 |a SK 
245 1 0 |a Problematika devízového kurzu v menovej teórii a politike  |c Irena Hlavatá 
520 |a Devízový kurz a platobná bilancia (bežný účet, kapitálový účet). Vonkajšia rovnováha a pohyb devízových kurzov. Pevné a pružné devízové kurzy pri vyrovnávaní platobnej bilancie. Systém devízových kurzov a ich význam pre menovú politiku. Politika pevných menových kurzov. Fixné menové kurzy s obmedzenou pružnosťou. Pružné menové kurzy. Devízové kurzy a ceny. Monetárny prístup k platobnej bilancii. 
610 2 0 |a politika devízová 
610 2 0 |a politika menová 
610 2 0 |a rovnováha vonkajšia 
610 2 0 |a kurz devízový 
610 2 0 |a účty bežné 
610 2 0 |a účty kapitálové 
610 2 0 |a kurz výmenný pevný 
610 2 0 |a kurz výmenný pohyblivý 
610 2 0 |a bilancia platobná 
610 2 0 |a parita sily kúpnej 
610 2 0 |a ceny 
100 1 |a Hlavatá, Irena